000
00246nam a2200097Ia 4500
001
815042
005
20250826171648.0
008
250824s9999 xx 000 0 und d
245
0
_a
2 TAM BİR TEK
_c
BÜLENT GARDİYANOĞLU
260
_b
DESTEK YAYINLARI
999
_c
815042
_d
815042